[Event "oeism u12_Gilrs_Blitz"]
[Site "austriaU12girls"]
[Date "2020.12.11"]
[Round "1"]
[White "Jaguarjungle"]
[Black "BiancaD"]
[Result "0-1"]
[WhiteElo "1620"]
[BlackElo "1599"]
[Annotator "NA RC"]
[PlyCount "98"]
[EventDate "2020.12.11"]
[EventType "blitz"]
[TimeControl "180+2"]

1. e4 {[%emt 0:00:03]} e5 {[%emt 0:00:02]} 2. Nf3 {[%emt 0:00:02]} Nf6 {[%emt 0:00:02]} 3. Nc3 {[%emt 0:00:07]} Bb4 {[%emt 0:00:03]} 4. d3 {[%emt 0:00:07]} Nc6 {[%emt 0:00:04]} 5. Bd2 {[%emt 0:00:03]} O-O {[%emt 0:00:04]} 6. a3 {[%emt 0:00:03]} Bxc3 {[%emt 0:00:03]} 7. Bxc3 {[%emt 0:00:05]} d5 {[%emt 0:00:01]} 8. exd5 {[%emt 0:00:12]} Nxd5 {[%emt 0:00:01]} 9. Be2 {[%emt 0:00:05]} Nxc3 {[%emt 0:00:02]} 10. bxc3 {[%emt 0:00:02]} Re8 {[%emt 0:00:04]} 11. O-O {[%emt 0:00:03]} Qf6 {[%emt 0:00:10]} 12. d4 {[%emt 0:00:14]} e4 {[%emt 0:00:03]} 13. Nd2 {[%emt 0:00:26]} Qg5 {[%emt 0:00:32]} 14. f3 {[%emt 0:00:25]} Bh3 {[%emt 0:00:09]} 15. Rf2 {[%emt 0:00:03]} e3 {[%emt 0:00:09]} 16. Ne4 {[%emt 0:00:15]} exf2+ {[%emt 0:00:06]} 17. Kxf2 {[%emt 0:00:04]} Qxg2+ {[%emt 0:00:04]} 18. Ke3 {[%emt 0:00:02]} f5 {[%emt 0:00:12]} 19. Bd3 {[%emt 0:00:13]} fxe4 {[%emt 0:00:03]} 20. fxe4 {[%emt 0:00:03]} Qxh2 {[%emt 0:00:07]} 21. Qe2 {[%emt 0:00:04]} Qg3+ {[%emt 0:00:02]} 22. Qf3 {[%emt 0:00:03]} Qxf3+ {[%emt 0:00:13]} 23. Kxf3 {[%emt 0:00:00]} Rf8+ {[%emt 0:00:02]} 24. Ke3 {[%emt 0:00:05]} h5 {[%emt 0:00:05]} 25. Re1 {[%emt 0:00:02]} Rae8 {[%emt 0:00:04]} 26. Rh1 {[%emt 0:00:03]} Bg4 {[%emt 0:00:04]} 27. Rh4 {[%emt 0:00:02]} Rf3+ {[%emt 0:00:02]} 28. Ke2 {[%emt 0:00:02]} Rh3+ {[%emt 0:00:09]} 29. Kf2 {[%emt 0:00:05]} Rxh4 {[%emt 0:00:03]} 30. Kg3 {[%emt 0:00:00]} Rh3+ {[%emt 0:00:04]} 31. Kg2 {[%emt 0:00:04]} Rf8 {[%emt 0:00:18]} 32. Bc4+ {[%emt 0:00:02]} Kh7 {[%emt 0:00:02]} 33. Bd3 {[%emt 0:00:02]} Rff3 {[%emt 0:00:03]} 34. e5+ {[%emt 0:00:04]} Rxd3 {[%emt 0:00:03]} 35. cxd3 {[%emt 0:00:02]} Rxd3 {[%emt 0:00:01]} 36. Kf2 {[%emt 0:00:02]} Rd2+ {[%emt 0:00:01]} 37. Ke3 {[%emt 0:00:03]} Re2+ {[%emt 0:00:01]} 38. Kd3 {[%emt 0:00:03]} Nxe5+ {[%emt 0:00:04]} 39. dxe5 {[%emt 0:00:06]} Rxe5 {[%emt 0:00:01]} 40. Kd4 {[%emt 0:00:02]} Ra5 {[%emt 0:00:03]} 41. Kc4 {[%emt 0:00:04]} h4 {[%emt 0:00:01]} 42. Kb4 {[%emt 0:00:01]} Rf5 {[%emt 0:00:02]} 43. c4 {[%emt 0:00:00]} h3 {[%emt 0:00:01]} 44. c5 {[%emt 0:00:00]} h2 {[%emt 0:00:01]} 45. Kb5 {[%emt 0:00:00]} h1=Q {[%emt 0:00:02]} 46. Kc4 {[%emt 0:00:05]} Qf1+ {[%emt 0:00:01]} 47. Kb3 {[%emt 0:00:02]} Rf3+ {[%emt 0:00:02]} 48. Kc2 {[%emt 0:00:01]} Qe2+ {[%emt 0:00:02]} 49. Kc1 {[%emt 0:00:02]} Rf1# {[%emt 0:00:01] Mate Mate} 0-1

[Event "oeism u12_Gilrs_Blitz"]
[Site "austriaU12girls"]
[Date "2020.12.11"]
[Round "1"]
[White "Ju_Fa29"]
[Black "LBchessqueen"]
[Result "1-0"]
[WhiteElo "1620"]
[BlackElo "1552"]
[Annotator "NA RC"]
[PlyCount "153"]
[EventDate "2020.12.11"]
[EventType "blitz"]
[TimeControl "180+2"]

1. e4 {[%emt 0:00:00]} c5 {[%emt 0:00:04]} 2. d3 {[%emt 0:00:08]} d6 {[%emt 0:00:03]} 3. Nc3 {[%emt 0:00:03]} g6 {[%emt 0:00:06]} 4. Bf4 {[%emt 0:00:05]} Bg7 {[%emt 0:00:02]} 5. Nge2 {[%emt 0:00:07]} Nc6 {[%emt 0:00:07]} 6. g3 {[%emt 0:00:04]} Nf6 {[%emt 0:00:03]} 7. Bg2 {[%emt 0:00:05]} O-O {[%emt 0:00:03]} 8. O-O {[%emt 0:00:02]} Bg4 {[%emt 0:00:05]} 9. Qd2 {[%emt 0:00:10]} a6 {[%emt 0:00:13]} 10. Rfe1 {[%emt 0:00:02]} Qd7 {[%emt 0:00:11]} 11. Bh6 {[%emt 0:00:12]} Bxe2 {[%emt 0:00:29]} 12. Rxe2 {[%emt 0:00:07] LBchessqueen reconnected.} Nd4 {[%emt 0:00:14]} 13. Ree1 {[%emt 0:00:23]} Nxc2 {[%emt 0:00:07]} 14. Bxg7 {[%emt 0:00:05]} Nxa1 {[%emt 0:00:11]} 15. Bxf8 {[%emt 0:00:03]} Rxf8 {[%emt 0:00:04]} 16. Rxa1 {[%emt 0:00:03] LBchessqueen reconnected.} b5 {[%emt 0:00:44]} 17. Rc1 {[%emt 0:00:28]} b4 {[%emt 0:00:04]} 18. Ne2 {[%emt 0:00:08]} a5 {[%emt 0:00:11]} 19. d4 {[%emt 0:00:05]} cxd4 {[%emt 0:00:08]} 20. Nxd4 {[%emt 0:00:03]} e5 {[%emt 0:00:06]} 21. Ne2 {[%emt 0:00:15]} Qg4 {[%emt 0:00:21]} 22. f3 {[%emt 0:00:19]} Qd7 {[%emt 0:00:00]} 23. a3 {[%emt 0:00:13]} Rd8 {[%emt 0:00:01]} 24. axb4 {[%emt 0:00:04]} axb4 {[%emt 0:00:01]} 25. Qxb4 {[%emt 0:00:02]} Ne8 {[%emt 0:00:02]} 26. Rd1 {[%emt 0:00:06]} Nc7 {[%emt 0:00:01]} 27. Nc3 {[%emt 0:00:09]} f6 {[%emt 0:00:07]} 28. Nd5 {[%emt 0:00:03]} Kf8 {[%emt 0:00:01]} 29. Nxf6 {[%emt 0:00:04]} Qe7 {[%emt 0:00:03]} 30. Nd5 {[%emt 0:00:04]} Qd7 {[%emt 0:00:01]} 31. Nxc7 {[%emt 0:00:06]} Qxc7 {[%emt 0:00:01]} 32. Rd2 {[%emt 0:00:09]} Ke7 {[%emt 0:00:01]} 33. Rd1 {[%emt 0:00:02]} Qc5+ {[%emt 0:00:01]} 34. Qxc5 {[%emt 0:00:02]} dxc5 {[%emt 0:00:00]} 35. Rxd8 {[%emt 0:00:02]} Kxd8 {[%emt 0:00:00]} 36. b3 {[%emt 0:00:01]} Kc7 {[%emt 0:00:00]} 37. Kf2 {[%emt 0:00:01]} Kc6 {[%emt 0:00:00]} 38. Ke2 {[%emt 0:00:01]} Kb5 {[%emt 0:00:00]} 39. Kd3 {[%emt 0:00:01]} Kb4 {[%emt 0:00:00]} 40. Kc2 {[%emt 0:00:02]} c4 {[%emt 0:00:02]} 41. bxc4 {[%emt 0:00:02]} Kxc4 {[%emt 0:00:00]} 42. Bf1+ {[%emt 0:00:01]} Kc5 {[%emt 0:00:00]} 43. h4 {[%emt 0:00:01]} Kd6 {[%emt 0:00:00]} 44. Kd3 {[%emt 0:00:01]} Ke6 {[%emt 0:00:00]} 45. Ke3 {[%emt 0:00:01]} h5 {[%emt 0:00:02]} 46. f4 {[%emt 0:00:01]} Kd6 {[%emt 0:00:01]} 47. fxe5+ {[%emt 0:00:04]} Kxe5 {[%emt 0:00:00]} 48. Kf3 {[%emt 0:00:01]} Kf6 {[%emt 0:00:07]} 49. Kf4 {[%emt 0:00:01]} Ke6 {[%emt 0:00:07]} 50. Bc4+ {[%emt 0:00:03]} Kf6 {[%emt 0:00:04]} 51. e5+ {[%emt 0:00:04]} Ke7 {[%emt 0:00:03]} 52. Kg5 {[%emt 0:00:00]} Kf8 {[%emt 0:00:05]} 53. Kxg6 {[%emt 0:00:01]} Ke7 {[%emt 0:00:02]} 54. e6 {[%emt 0:00:01]} Ke8 {[%emt 0:00:03]} 55. Kxh5 {[%emt 0:00:00]} Ke7 {[%emt 0:00:03]} 56. g4 {[%emt 0:00:00]} Ke8 {[%emt 0:00:04]} 57. g5 {[%emt 0:00:00]} Kf8 {[%emt 0:00:03]} 58. g6 {[%emt 0:00:01]} Kg7 {[%emt 0:00:03]} 59. e7 {[%emt 0:00:02]} Kf6 {[%emt 0:00:05]} 60. Kh6 {[%emt 0:00:01]} Kxe7 {[%emt 0:00:03]} 61. g7 {[%emt 0:00:04]} Kf6 {[%emt 0:00:02]} 62. g8=Q {[%emt 0:00:02]} Kf5 {[%emt 0:00:02]} 63. Qf7+ {[%emt 0:00:03]} Ke4 {[%emt 0:00:02]} 64. Qf6 {[%emt 0:00:02]} Ke3 {[%emt 0:00:03]} 65. Kg6 {[%emt 0:00:01]} Ke4 {[%emt 0:00:01]} 66. h5 {[%emt 0:00:01]} Ke3 {[%emt 0:00:01]} 67. h6 {[%emt 0:00:01]} Ke4 {[%emt 0:00:01]} 68. h7 {[%emt 0:00:01]} Ke3 {[%emt 0:00:00]} 69. Qf5 {[%emt 0:00:01]} Kd2 {[%emt 0:00:01]} 70. Qe4 {[%emt 0:00:01]} Kc3 {[%emt 0:00:00]} 71. h8=Q+ {[%emt 0:00:04]} Kb4 {[%emt 0:00:00]} 72. Qc8 {[%emt 0:00:04]} Kc3 {[%emt 0:00:02]} 73. Be6+ {[%emt 0:00:02]} Kd2 {[%emt 0:00:01]} 74. Qd8+ {[%emt 0:00:03]} Kc3 {[%emt 0:00:01]} 75. Qc6+ {[%emt 0:00:04]} Kb4 {[%emt 0:00:01]} 76. Qb8+ {[%emt 0:00:03]} Ka5 {[%emt 0:00:02]} 77. Qbb5# {[%emt 0:00:02] Mate Mate} 1-0

[Event "oeism u12_Gilrs_Blitz"]
[Site "austriaU12girls"]
[Date "2020.12.11"]
[Round "1"]
[White "chessellis"]
[Black "Athene"]
[Result "1-0"]
[WhiteElo "1558"]
[BlackElo "1620"]
[Annotator "NA RC"]
[PlyCount "77"]
[EventDate "2020.12.11"]
[EventType "blitz"]
[TimeControl "180+2"]

1. e4 {[%emt 0:00:06]} e5 {[%emt 0:00:04]} 2. Nf3 {[%emt 0:00:02]} Nc6 {[%emt 0:00:02]} 3. Nc3 {[%emt 0:00:02]} a6 {[%emt 0:00:05]} 4. d4 {[%emt 0:00:02]} exd4 {[%emt 0:00:02]} 5. Nxd4 {[%emt 0:00:01]} Nf6 {[%emt 0:00:05]} 6. Nxc6 {[%emt 0:00:05]} bxc6 {[%emt 0:00:00]} 7. Bd3 {[%emt 0:00:02]} Bc5 {[%emt 0:00:03]} 8. Bg5 {[%emt 0:00:04]} O-O {[%emt 0:00:02]} 9. O-O {[%emt 0:00:03]} d6 {[%emt 0:00:05]} 10. Qf3 {[%emt 0:00:08]} Bg4 {[%emt 0:00:16]} 11. Bxf6 {[%emt 0:00:17]} Qxf6 {[%emt 0:00:00]} 12. Qxg4 {[%emt 0:00:04]} Bd4 {[%emt 0:00:11] chessellis reconnected.} 13. Qd7 {[%emt 0:00:22] chessellis reconnected.} Bxc3 {[%emt 0:00:19]} 14. bxc3 {[%emt 0:00:03]} Qxc3 {[%emt 0:00:02]} 15. Qxc7 {[%emt 0:00:04]} Rfd8 {[%emt 0:00:09]} 16. Rab1 {[%emt 0:00:07]} Rac8 {[%emt 0:00:03]} 17. Qb6 {[%emt 0:00:05]} Qa3 {[%emt 0:00:05]} 18. Bc4 {[%emt 0:00:08]} Qa4 {[%emt 0:00:20] chessellis reconnected.} 19. Qxa6 {[%emt 0:00:18] chessellis reconnected.} Qxc2 {[%emt 0:00:21]} 20. Bd3 {[%emt 0:00:12]} Qc5 {[%emt 0:00:08]} 21. Qb6 {[%emt 0:00:06]} Qxb6 {[%emt 0:00:09]} 22. Rxb6 {[%emt 0:00:00]} d5 {[%emt 0:00:06]} 23. Rc1 {[%emt 0:00:05]} dxe4 {[%emt 0:00:06]} 24. Bxe4 {[%emt 0:00:00]} c5 {[%emt 0:00:02]} 25. h3 {[%emt 0:00:04]} Re8 {[%emt 0:00:04]} 26. Bb7 {[%emt 0:00:09]} Rc7 {[%emt 0:00:03]} 27. Bc6 {[%emt 0:00:03]} Re6 {[%emt 0:00:05]} 28. Rxc5 {[%emt 0:00:20]} h6 {[%emt 0:00:00]} 29. Ra6 {[%emt 0:00:06]} Kh7 {[%emt 0:00:03]} 30. Rc4 {[%emt 0:00:03]} Re1+ {[%emt 0:00:05]} 31. Kh2 {[%emt 0:00:03]} Re2 {[%emt 0:00:02]} 32. Be4+ {[%emt 0:00:06]} Rxe4 {[%emt 0:00:16]} 33. Rxc7 {[%emt 0:00:04]} Re2 {[%emt 0:00:03]} 34. Rxf7 {[%emt 0:00:02]} Kg8 {[%emt 0:00:05]} 35. Raa7 {[%emt 0:00:03]} Re8 {[%emt 0:00:05]} 36. Rxg7+ {[%emt 0:00:02]} Kh8 {[%emt 0:00:03]} 37. Rh7+ {[%emt 0:00:04]} Kg8 {[%emt 0:00:01]} 38. Rxh6 {[%emt 0:00:07]} Kf8 {[%emt 0:00:04]} 39. Rh8# {[%emt 0:00:02] Mate Mate} 1-0

[Event "oeism u12_Gilrs_Blitz"]
[Site "austriaU12girls"]
[Date "2020.12.11"]
[Round "1"]
[White "Orchidee14"]
[Black "Leefke Giselbrecht"]
[Result "0-1"]
[WhiteElo "1383"]
[BlackElo "1397"]
[Annotator "NA RC"]
[PlyCount "48"]
[EventDate "2020.12.11"]
[EventType "blitz"]
[TimeControl "180+2"]

1. e4 {[%emt 0:00:07]} d5 {[%emt 0:00:03]} 2. Nc3 {[%emt 0:00:04]} Nf6 {[%emt 0:00:06]} 3. Nf3 {[%emt 0:00:03]} Nc6 {[%emt 0:00:10]} 4. Bb5 {[%emt 0:00:10]} Bg4 {[%emt 0:00:12]} 5. Be2 {[%emt 0:00:07]} e6 {[%emt 0:00:02]} 6. d3 {[%emt 0:00:05]} Bc5 {[%emt 0:00:04]} 7. Bg5 {[%emt 0:00:10]} O-O {[%emt 0:00:04]} 8. O-O {[%emt 0:00:05]} h6 {[%emt 0:00:05]} 9. Bh4 {[%emt 0:00:17]} Re8 {[%emt 0:00:18]} 10. exd5 {[%emt 0:00:17]} exd5 {[%emt 0:00:07]} 11. a3 {[%emt 0:00:26]} d4 {[%emt 0:00:12]} 12. Nb5 {[%emt 0:00:13]} Qe7 {[%emt 0:00:04]} 13. Re1 {[%emt 0:00:08]} a6 {[%emt 0:00:18]} 14. Nbxd4 {[%emt 0:00:24]} Nxd4 {[%emt 0:00:09]} 15. Nxd4 {[%emt 0:00:13]} Bxe2 {[%emt 0:00:03]} 16. Rxe2 {[%emt 0:00:02]} Qd6 {[%emt 0:00:12]} 17. Nf5 {[%emt 0:00:11]} Qf4 {[%emt 0:00:07]} 18. Bg3 {[%emt 0:00:22]} Qxf5 {[%emt 0:00:02]} 19. Rxe8+ {[%emt 0:00:03]} Rxe8 {[%emt 0:00:03]} 20. Bxc7 {[%emt 0:00:05]} Qd7 {[%emt 0:00:04]} 21. Qf3 {[%emt 0:00:02]} Qxc7 {[%emt 0:00:03]} 22. Qf4 {[%emt 0:00:01]} Qxf4 {[%emt 0:00:02]} 23. g3 {[%emt 0:00:00]} Qxf2+ {[%emt 0:00:03]} 24. Kh1 {[%emt 0:00:02]} Qf3# {[%emt 0:00:02] Mate Mate} 0-1

[Event "oeism u12_Gilrs_Blitz"]
[Site "austriaU12girls"]
[Date "2020.12.11"]
[Round "2"]
[White "BiancaD"]
[Black "efiona2008"]
[Result "1-0"]
[WhiteElo "1675"]
[BlackElo "1421"]
[Annotator "NA RC"]
[PlyCount "109"]
[EventDate "2020.12.11"]
[EventType "blitz"]

1. e4 {[%emt 0:00:02]} e5 {[%emt 0:00:03]} 2. Nf3 {[%emt 0:00:01]} Nc6 {[%emt 0:00:03]} 3. Bc4 {[%emt 0:00:01]} Bc5 {[%emt 0:00:06]} 4. O-O {[%emt 0:00:02]} Nf6 {[%emt 0:00:06]} 5. d3 {[%emt 0:00:03]} O-O {[%emt 0:00:05]} 6. Bg5 {[%emt 0:00:05]} h6 {[%emt 0:00:07]} 7. Bh4 {[%emt 0:00:02]} d6 {[%emt 0:00:06]} 8. h3 {[%emt 0:00:02]} Na5 {[%emt 0:00:15]} 9. Nc3 {[%emt 0:00:26]} Be6 {[%emt 0:00:18]} 10. Bxe6 {[%emt 0:00:03]} fxe6 {[%emt 0:00:04]} 11. Na4 {[%emt 0:00:02]} Bb6 {[%emt 0:00:17]} 12. Nxb6 {[%emt 0:00:02]} axb6 {[%emt 0:00:05]} 13. d4 {[%emt 0:00:03]} exd4 {[%emt 0:00:12]} 14. Qxd4 {[%emt 0:00:04]} Nc6 {[%emt 0:00:03]} 15. Qd3 {[%emt 0:00:08]} Nb4 {[%emt 0:00:10]} 16. Qb3 {[%emt 0:00:02]} Nc6 {[%emt 0:00:03]} 17. Qxe6+ {[%emt 0:00:04]} Kh8 {[%emt 0:00:18]} 18. Rfe1 {[%emt 0:00:21]} Nb4 {[%emt 0:00:07]} 19. c3 {[%emt 0:00:04]} Nc2 {[%emt 0:00:03]} 20. Red1 {[%emt 0:00:22]} Nxa1 {[%emt 0:00:03]} 21. Rxa1 {[%emt 0:00:01]} Qe8 {[%emt 0:00:07]} 22. Qc4 {[%emt 0:00:08]} Rf7 {[%emt 0:00:07]} 23. Re1 {[%emt 0:00:02]} c6 {[%emt 0:00:09]} 24. e5 {[%emt 0:00:23]} b5 {[%emt 0:00:08]} 25. Qd4 {[%emt 0:00:05]} dxe5 {[%emt 0:00:06]} 26. Rxe5 {[%emt 0:00:05]} Re7 {[%emt 0:00:05]} 27. Rxe7 {[%emt 0:00:10]} Qxe7 {[%emt 0:00:03]} 28. Kh2 {[%emt 0:00:09]} Rxa2 {[%emt 0:00:03]} 29. b4 {[%emt 0:00:09]} Qe1 {[%emt 0:00:10]} 30. Nxe1 {[%emt 0:00:02]} Re2 {[%emt 0:00:07]} 31. Bxf6 {[%emt 0:00:05]} Rxe1 {[%emt 0:00:05]} 32. Bxg7+ {[%emt 0:00:03]} Kh7 {[%emt 0:00:02]} 33. Qd3+ {[%emt 0:00:03]} Kg8 {[%emt 0:00:08]} 34. Bxh6 {[%emt 0:00:05]} Kf7 {[%emt 0:00:03]} 35. Qf3+ {[%emt 0:00:01]} Ke6 {[%emt 0:00:04]} 36. Qg4+ {[%emt 0:00:01]} Kd5 {[%emt 0:00:04]} 37. Qg5+ {[%emt 0:00:01]} Kc4 {[%emt 0:00:05]} 38. Qg8+ {[%emt 0:00:04]} Kxc3 {[%emt 0:00:02]} 39. Bg7+ {[%emt 0:00:02]} Kxb4 {[%emt 0:00:02]} 40. Bf8+ {[%emt 0:00:07]} Ka5 {[%emt 0:00:04]} 41. Qg4 {[%emt 0:00:06]} b4 {[%emt 0:00:04]} 42. Bxb4+ {[%emt 0:00:02]} Kb5 {[%emt 0:00:03]} 43. Bxe1 {[%emt 0:00:01]} Kc5 {[%emt 0:00:02]} 44. Qg5+ {[%emt 0:00:01]} Kd6 {[%emt 0:00:02]} 45. Qf4+ {[%emt 0:00:01]} Kc5 {[%emt 0:00:02]} 46. h4 {[%emt 0:00:02]} Kd5 {[%emt 0:00:03]} 47. h5 {[%emt 0:00:01]} Ke6 {[%emt 0:00:02]} 48. h6 {[%emt 0:00:01]} Kd7 {[%emt 0:00:02]} 49. h7 {[%emt 0:00:01]} Ke7 {[%emt 0:00:01]} 50. h8=Q {[%emt 0:00:02]} Ke6 {[%emt 0:00:03]} 51. Qe4+ {[%emt 0:00:02]} Kd6 {[%emt 0:00:02]} 52. Qd8+ {[%emt 0:00:02]} Kc5 {[%emt 0:00:02]} 53. Qc2+ {[%emt 0:00:02]} Kb5 {[%emt 0:00:03] '} 54. Qb8 {[%emt 0:00:01]} Kb6 {[%emt 0:00:02] '} 55. Qb3+ {[%emt 0:00:03] TimeB} 1-0

[Event "oeism u12_Gilrs_Blitz"]
[Site "austriaU12girls"]
[Date "2020.12.11"]
[Round "2"]
[White "Athene"]
[Black "Jaguarjungle"]
[Result "1-0"]
[WhiteElo "1620"]
[BlackElo "1620"]
[Annotator "NA RC"]
[PlyCount "133"]
[EventDate "2020.12.11"]
[EventType "blitz"]

1. e4 {[%emt 0:00:06]} e5 {[%emt 0:00:11]} 2. Nf3 {[%emt 0:00:04]} Nc6 {[%emt 0:00:02]} 3. d4 {[%emt 0:00:02]} d6 {[%emt 0:00:04]} 4. Bc4 {[%emt 0:00:05]} Nf6 {[%emt 0:00:02]} 5. Nc3 {[%emt 0:00:05]} Bg4 {[%emt 0:00:03]} 6. Be3 {[%emt 0:00:05]} Be7 {[%emt 0:00:03]} 7. O-O {[%emt 0:00:02]} O-O {[%emt 0:00:03]} 8. h3 {[%emt 0:00:06]} Bh5 {[%emt 0:00:01]} 9. dxe5 {[%emt 0:00:05]} dxe5 {[%emt 0:00:03]} 10. Nd5 {[%emt 0:00:06]} Qd6 {[%emt 0:00:10]} 11. Nxf6+ {[%emt 0:00:10]} Bxf6 {[%emt 0:00:05]} 12. b3 {[%emt 0:00:12]} b6 {[%emt 0:00:05]} 13. Bd5 {[%emt 0:00:03]} a5 {[%emt 0:00:03]} 14. c4 {[%emt 0:00:06]} Rac8 {[%emt 0:00:02]} 15. Bd2 {[%emt 0:00:10]} Ne7 {[%emt 0:00:02]} 16. Bc3 {[%emt 0:00:06]} Nxd5 {[%emt 0:00:02]} 17. cxd5 {[%emt 0:00:02]} Rfe8 {[%emt 0:00:07]} 18. Re1 {[%emt 0:00:06]} Bd8 {[%emt 0:00:03]} 19. Re3 {[%emt 0:00:11]} Qg6 {[%emt 0:00:02]} 20. Qe2 {[%emt 0:00:13]} Qxg2+ {[%emt 0:00:03]} 21. Kxg2 {[%emt 0:00:05]} Bxf3+ {[%emt 0:00:03]} 22. Qxf3 {[%emt 0:00:03]} Bg5 {[%emt 0:00:02]} 23. Rd3 {[%emt 0:00:04]} f6 {[%emt 0:00:04]} 24. Kh2 {[%emt 0:00:03]} Bf4+ {[%emt 0:00:03]} 25. Kh1 {[%emt 0:00:04]} c6 {[%emt 0:00:02]} 26. dxc6 {[%emt 0:00:05]} Rxc6 {[%emt 0:00:00]} 27. Rad1 {[%emt 0:00:04]} Rc7 {[%emt 0:00:02]} 28. Bd2 {[%emt 0:00:02]} Bxd2 {[%emt 0:00:09]} 29. R1xd2 {[%emt 0:00:00]} Rc1+ {[%emt 0:00:04]} 30. Kh2 {[%emt 0:00:03]} Rcc8 {[%emt 0:00:03]} 31. Qg4 {[%emt 0:00:07]} Kf7 {[%emt 0:00:09]} 32. Rg3 {[%emt 0:00:03]} g5 {[%emt 0:00:03]} 33. Qf5 {[%emt 0:00:04]} Rcd8 {[%emt 0:00:03]} 34. Rxd8 {[%emt 0:00:03]} Rxd8 {[%emt 0:00:00]} 35. Qxh7+ {[%emt 0:00:02]} Ke6 {[%emt 0:00:02]} 36. Qf5+ {[%emt 0:00:03]} Kf7 {[%emt 0:00:04]} 37. Rf3 {[%emt 0:00:02]} Rd6 {[%emt 0:00:05]} 38. Qh7+ {[%emt 0:00:05]} Ke6 {[%emt 0:00:02]} 39. Qh6 {[%emt 0:00:04]} b5 {[%emt 0:00:05]} 40. Qxf6+ {[%emt 0:00:02]} Kd7 {[%emt 0:00:05]} 41. Qf7+ {[%emt 0:00:02]} Kc6 {[%emt 0:00:02]} 42. Qe8+ {[%emt 0:00:03]} Kc5 {[%emt 0:00:05]} 43. Qxe5+ {[%emt 0:00:02]} Kc6 {[%emt 0:00:03]} 44. Rc3+ {[%emt 0:00:02]} Kd7 {[%emt 0:00:03]} 45. Rc5 {[%emt 0:00:05]} b4 {[%emt 0:00:05]} 46. Rxa5 {[%emt 0:00:03]} Rd2 {[%emt 0:00:04]} 47. Qf5+ {[%emt 0:00:03]} Kc7 {[%emt 0:00:06]} 48. Qxg5 {[%emt 0:00:04]} Rxf2+ {[%emt 0:00:03]} 49. Kh1 {[%emt 0:00:04]} Rf1+ {[%emt 0:00:03]} 50. Kg2 {[%emt 0:00:03]} Rc1 {[%emt 0:00:04]} 51. Qf4+ {[%emt 0:00:04]} Kb6 {[%emt 0:00:08]} 52. Rf5 {[%emt 0:00:04]} Rc2+ {[%emt 0:00:03]} 53. Kg3 {[%emt 0:00:06]} Rc3+ {[%emt 0:00:03]} 54. Kh4 {[%emt 0:00:02]} Rc6 {[%emt 0:00:06]} 55. Rf6 {[%emt 0:00:02]} Rxf6 {[%emt 0:00:07]} 56. Qxf6+ {[%emt 0:00:00]} Kc5 {[%emt 0:00:01]} 57. Qe7+ {[%emt 0:00:03]} Kd4 {[%emt 0:00:02]} 58. Kg5 {[%emt 0:00:02]} Ke3 {[%emt 0:00:00]} 59. h4 {[%emt 0:00:02]} Kf3 {[%emt 0:00:04]} 60. h5 {[%emt 0:00:00]} Ke3 {[%emt 0:00:03]} 61. h6 {[%emt 0:00:00]} Kf3 {[%emt 0:00:01]} 62. h7 {[%emt 0:00:00]} Ke3 {[%emt 0:00:01]} 63. h8=Q {[%emt 0:00:01]} Kf3 {[%emt 0:00:00]} 64. Qhf6+ {[%emt 0:00:03]} Ke3 {[%emt 0:00:00]} 65. Qf4+ {[%emt 0:00:03]} Kd3 {[%emt 0:00:00]} 66. Qed6+ {[%emt 0:00:04]} Kc3 {[%emt 0:00:02]} 67. Qdd2# {[%emt 0:00:03] Mate Mate} 1-0

[Event "oeism u12_Gilrs_Blitz"]
[Site "austriaU12girls"]
[Date "2020.12.11"]
[Round "2"]
[White "HarryPotter09"]
[Black "Ju_Fa29"]
[Result "0-1"]
[WhiteElo "1544"]
[BlackElo "1620"]
[Annotator "NA RC"]
[PlyCount "102"]
[EventDate "2020.12.11"]
[EventType "blitz"]

1. e4 {[%emt 0:00:03]} e5 {[%emt 0:00:02]} 2. Nf3 {[%emt 0:00:02]} Nc6 {[%emt 0:00:01]} 3. Bc4 {[%emt 0:00:02]} Bc5 {[%emt 0:00:01]} 4. c3 {[%emt 0:00:01]} Nf6 {[%emt 0:00:02]} 5. d4 {[%emt 0:00:02]} exd4 {[%emt 0:00:01]} 6. e5 {[%emt 0:00:02]} Ng4 {[%emt 0:00:03]} 7. cxd4 {[%emt 0:00:02]} Bb4+ {[%emt 0:00:02]} 8. Nc3 {[%emt 0:00:02]} O-O {[%emt 0:00:07]} 9. O-O {[%emt 0:00:11]} d6 {[%emt 0:00:03]} 10. exd6 {[%emt 0:00:10]} Bxd6 {[%emt 0:00:02]} 11. Re1 {[%emt 0:00:12]} Re8 {[%emt 0:00:07]} 12. Bg5 {[%emt 0:00:13]} Be7 {[%emt 0:00:12]} 13. Qe2 {[%emt 0:00:29]} Bf5 {[%emt 0:00:14]} 14. Bxe7 {[%emt 0:00:33]} Rxe7 {[%emt 0:00:08]} 15. Qd2 {[%emt 0:00:05]} Rxe1+ {[%emt 0:00:04]} 16. Rxe1 {[%emt 0:00:02]} Qd7 {[%emt 0:00:15]} 17. d5 {[%emt 0:00:08]} Nb4 {[%emt 0:00:11]} 18. a3 {[%emt 0:00:13]} Na6 {[%emt 0:00:12]} 19. b4 {[%emt 0:00:22]} Re8 {[%emt 0:00:09]} 20. Bb5 {[%emt 0:00:13]} c6 {[%emt 0:00:03]} 21. dxc6 {[%emt 0:00:02]} Qxd2 {[%emt 0:00:04]} 22. cxb7 {[%emt 0:00:04]} Qxe1+ {[%emt 0:00:05]} 23. Nxe1 {[%emt 0:00:03]} Rxe1+ {[%emt 0:00:04]} 24. Bf1 {[%emt 0:00:02]} Bd3 {[%emt 0:00:04]} 25. g3 {[%emt 0:00:05]} Rxf1+ {[%emt 0:00:03]} 26. Kg2 {[%emt 0:00:01]} Rc1 {[%emt 0:00:06]} 27. Na4 {[%emt 0:00:04]} Be4+ {[%emt 0:00:02]} 28. f3 {[%emt 0:00:06]} Rc2+ {[%emt 0:00:07]} 29. Kh3 {[%emt 0:00:02]} Nf2+ {[%emt 0:00:02]} 30. Kg2 {[%emt 0:00:10]} Bxb7 {[%emt 0:00:01]} 31. Nc5 {[%emt 0:00:07]} Nxc5 {[%emt 0:00:08]} 32. bxc5 {[%emt 0:00:02]} Nd3+ {[%emt 0:00:02]} 33. Kh3 {[%emt 0:00:02]} Nxc5 {[%emt 0:00:01]} 34. a4 {[%emt 0:00:04]} Rc3 {[%emt 0:00:00]} 35. f4 {[%emt 0:00:01]} Nxa4 {[%emt 0:00:02]} 36. Kg4 {[%emt 0:00:02]} Bc8+ {[%emt 0:00:02]} 37. Kh4 {[%emt 0:00:01]} Nc5 {[%emt 0:00:03]} 38. Kg5 {[%emt 0:00:02]} Ne4+ {[%emt 0:00:01]} 39. Kh4 {[%emt 0:00:02]} a5 {[%emt 0:00:06]} 40. Kh5 {[%emt 0:00:02]} a4 {[%emt 0:00:02]} 41. g4 {[%emt 0:00:03]} Nf6+ {[%emt 0:00:05]} 42. Kg5 {[%emt 0:00:02]} Bxg4 {[%emt 0:00:03]} 43. h3 {[%emt 0:00:04]} Rc5+ {[%emt 0:00:03]} 44. Kh4 {[%emt 0:00:01]} Rh5+ {[%emt 0:00:04]} 45. Kg3 {[%emt 0:00:01]} Rxh3+ {[%emt 0:00:01]} 46. Kf2 {[%emt 0:00:01]} Ne4+ {[%emt 0:00:03]} 47. Kg2 {[%emt 0:00:03]} Bf3+ {[%emt 0:00:04]} 48. Kxh3 {[%emt 0:00:03]} a3 {[%emt 0:00:01]} 49. Kh2 {[%emt 0:00:02]} a2 {[%emt 0:00:01]} 50. Kh3 {[%emt 0:00:02]} a1=Q {[%emt 0:00:02]} 51. Kh4 {[%emt 0:00:03]} Qh1# {[%emt 0:00:01] Mate Mate} 0-1